000 00569nam a22001937a 4500
003 OSt
005 20161006132916.0
008 161006b xxu||||| |||| 00| 0 eng d
020 _a052144568x
040 _cDDC.
082 _a532DOE 1995.
100 _aDoering,R.Charles ;J.D,Gobbon;
_911149
245 _aApplied analysis of the Navier-Stroke Equations.
260 _aNew York.
_bCambridge University Press.
_c1995.
300 _axiii,215p;
_bill;
_c20cm.
504 _aincludes index and references.
650 _aApplied Mathemetics.
_911150
942 _2ddc
_cO_SHELF
999 _c5312
_d5312